<?xml version="1.0" encoding="UTF-8"?>
<collection xmlns="http://www.loc.gov/MARC21/slim">
  <record>
    <leader>00000nam  2200000   4500</leader>
    <controlfield tag="001">INLIS000000000019476</controlfield>
    <controlfield tag="005">20250225031631</controlfield>
    <datafield tag="035" ind1="#" ind2="#">
      <subfield code="a">0010-0225000433</subfield>
    </datafield>
    <controlfield tag="007">ta</controlfield>
    <controlfield tag="008">250225################|##########|#|##</controlfield>
    <datafield tag="084" ind1="#" ind2="#">
      <subfield code="a">R 0010 PKN II 2024</subfield>
    </datafield>
    <datafield tag="100" ind1=" " ind2="#">
      <subfield code="a">TEDDY ADEBA,ST,ME</subfield>
    </datafield>
    <datafield tag="245" ind1="1" ind2="#">
      <subfield code="a">STRATEGI PENINGKATAN KUALITAS LINGKUNGAN PERKOTAAN MELALUI PENGELOLAAN SISTEM DRAINASE YANG BERKELANJUTAN DAN TERINTEGRASI /</subfield>
      <subfield code="c">TEDDY ADEBA,ST,ME</subfield>
    </datafield>
    <datafield tag="250" ind1="#" ind2="#">
      <subfield code="a">1</subfield>
    </datafield>
    <datafield tag="260" ind1="#" ind2="#">
      <subfield code="a">Jakarta :</subfield>
      <subfield code="b">Pusbangkom Pimnas,</subfield>
      <subfield code="c">2024</subfield>
    </datafield>
    <datafield tag="300" ind1="#" ind2="#">
      <subfield code="a">29 :</subfield>
      <subfield code="b">ilus ;</subfield>
      <subfield code="c">29 x 21 x 0,5</subfield>
    </datafield>
    <datafield tag="650" ind1="#" ind2="4">
      <subfield code="a">Sistem</subfield>
    </datafield>
    <datafield tag="520" ind1="#" ind2="#">
      <subfield code="a">Proyek Perubahan dengan judul “Strategi Peningkatan Kualitas Lingkungan&#13;
Perkotaan Melalui Pengelolaan Sistem Drainase yang Berkelanjutan dan Terintegrasi”&#13;
merupakan langkah strategis dalam pengelolaan sistem drainase yang bertujuan untuk&#13;
meningkatkan kualitas lingkungan perkotaan. Pelaksanaan peningkatan kualitas lingkungan&#13;
perkotaan ini dilakukan melalui pengelolaan sistem drainase yang berkelanjutan dan&#13;
terintegrasi. Sehingga nanti melalui proyek perubahan diharapkan dapat menguragi potensi&#13;
banjir dan menghasilkan SK Bupati tentang sistem drainase yang berkelanjutan dan&#13;
terintegrasi.&#13;
Proyek Perubahan ini didasarkan pada analisis data cuaca historis, studi topografi, dan&#13;
evaluasi infrastruktur drainase yang ada. Tim peneliti juga mengadakan konsultasi dengan&#13;
para ahli lingkungan dan infrastruktur, serta mengadakan survey kepada warga kota&#13;
Kepahiang.&#13;
Pengembangan sistem drainase yang berkelanjutan dan terintegrasi di kota&#13;
Kepahiang adalah kebutuhan mendesak untuk menghadapi banjir. Implementasi&#13;
rekomendasi ini diharapkan dapat mengurangi resiko banjir, meningkatkan kualitas hidup&#13;
warga, dan mendukung pertumbuhan ekoomi yang berkelanjutan.&#13;
Proyek Perubahan lengkap nanti akan menyediakan analisi mendetail dan rencana&#13;
implementasi untuk setiap rekomendasi yang diusulkan. Diharapkan setiap para pemangku&#13;
kepentingan akan mempertimbangkan temuan dan rekomendasi untuk mengembangkan&#13;
kebijakan dan Tindakan yang efektif.</subfield>
    </datafield>
    <datafield tag="856" ind1="#" ind2="#">
      <subfield code="a">Perpustakaan Pusat LAN</subfield>
    </datafield>
    <datafield tag="990" ind1="#" ind2="#">
      <subfield code="a">2024/1.2,2/A/0010</subfield>
    </datafield>
  </record>
</collection>
